Normal view MARC view
  • Rubin, H. Ted

Entry Personal Name

Number of records used in: 1

001 - CONTROL NUMBER

  • control field: 3984

003 - CONTROL NUMBER IDENTIFIER

  • control field: OSt

005 - DATE AND TIME OF LATEST TRANSACTION

  • control field: 20170512120554.0

008 - FIXED-LENGTH DATA ELEMENTS

  • fixed length control field: 170512|| aca||aabn | a|a d

040 ## - CATALOGING SOURCE

  • Original cataloging agency: OSt
  • Transcribing agency: OSt

100 ## - HEADING--PERSONAL NAME

  • Personal name: Rubin, H. Ted
  • Dates associated with a name: 1926-

670 ## - SOURCE DATA FOUND

  • Source citation: Work cat.: (OSt): Rubin, H. Ted 1926-, Juvenile justice, [1979]
Pusat Sumber Maklumat Dato' Haji Sarmin Md Hussin, Akademi Kastam Diraja Malaysia, Melaka
Tel: 06-2331106 | Faks: 06-2313787